Zdaňovanie finančných transakcií v SR a EÚ

Európska únia chce pomocou zavedenia dane z finančných transakcií vytvoriť systém, ktorý minimalizuje riziko vzniku ďalej krízy. Na druhej strane sa hovorí o tom, že zavedenie tejto dane môže spôsobiť to, že niektoré krajiny sa práve týmto spôsobom do krízy môžu dostať. Oboznámenie sa s aktuálnou pr...

Celý popis

Uložené v:
Podrobná bibliografia
Hlavný autor: Simonidesová, Jana, 1968-
Médium: Kapitola
Jazyk:Slovak
Predmet:
Tagy: Pridať tag
Žiadne tagy, Buďte prvý, kto otaguje tento záznam!

MARC

LEADER 00000naa$a2200000$$$4500
001 0267913
005 20240502074213.6
041 0 |a slo 
044 |a SK 
245 1 0 |a Zdaňovanie finančných transakcií v SR a EÚ  |c Jana Simonidesová 
520 |a Európska únia chce pomocou zavedenia dane z finančných transakcií vytvoriť systém, ktorý minimalizuje riziko vzniku ďalej krízy. Na druhej strane sa hovorí o tom, že zavedenie tejto dane môže spôsobiť to, že niektoré krajiny sa práve týmto spôsobom do krízy môžu dostať. Oboznámenie sa s aktuálnou problematikou dane z finančných transakcií a jej zavedenia v SR a krajinách EÚ. 
610 2 0 |a sektor finančný 
610 2 0 |a sadzby daňové 
610 2 0 |a dane 
610 2 0 |a Európska únia 
100 1 |a Simonidesová, Jana, 1968-